000 00691nam a22002177a 4500
999 _c16339
_d16339
003 AR-CdUCM
008 190503b ||||| |||| 00| 0 spa d
040 _aMUNICIPALIDAD PROVINCIAL DEL CUSCO
_cBIBLIOTECA MUNICIPAL DEL CUSCO
082 _a863.51 /
_bO37 / 1909
100 _aOhnet, Georges
_935730
245 _aContra Bonaparte /
260 _aParís :
_bPaul Ollendorff
_c1909.
300 _a289 páginas ;
_c20 cm.
505 _aContenido : Contra Bonaparte -- Literatura -- Narrativa .
650 _aLiteratura
_983
650 _aEuropea
_95888
650 _aSiglo XX
_98
700 _aGarcia Rueda, Miguel (Traducción)
_935731
942 _2ddc
_cLIBROS
945 _arah
_d03/05/2019